Statistiken für Länder die Deutschland am Nächsten Liegen - 30 Sekund Sprint

Klicken Sie hier um das Quiz zu spielen!

Allgemein

  • Dieses Quiz wurde 112 mal gespielt
  • Das Durchschnittsergebnis liegt bei 10 aus 20

Antwortstatistiken

kmLand% Korrekt
0Polen
92%
0Schweiz
92%
0Niederlande
90%
0Belgien
87%
0Frankreich
86%
0Österreich
86%
0Dänemark
85%
0Luxemburg
83%
0Tschechien
83%
33Liechtenstein
48%
45Italien
37%
224Slowakei
26%
72Schweden
22%
221Ungarn
21%
327Norwegen
15%
118Slowenien
13%
222Kroatien
10%
357Russland
7%
295Vereinigtes
Königreich
5%
331Bosnien und
Herzegowina
2%

Verteilung der Resultate

Perzentil nach korrekt beantworteten Fragen

Anzahl Personen mit jedem Resultat

Ihre Resultats-Entwicklung

Sie haben dieses Quiz noch nicht gespielt